| 000 | 00701nam a2200217Ia 4500 | ||
|---|---|---|---|
| 008 | 191130s2005##################000#0#eng## | ||
| 020 | _a9780231134576 | ||
| 022 | _a2004061754 | ||
| 040 |
_aACL _cACL |
||
| 082 | _a895.1352 SHI | ||
| 100 | _aShi, Shuqing | ||
| 245 |
_aCity of the queen : a novel of colonial Hong Kong _cShih Shu-ching ; translated from the Chinese by Sylvia Li-chun Lin and Howard Goldblatt |
||
| 260 |
_aNew York _bColumbia University Press _c2005 |
||
| 300 | _a302 p. 18 cm | ||
| 650 | _aHong Kong (China) - Fiction | ||
| 700 | _aGoldblatt, Howard | ||
| 700 | _aLin, Sylvia Li-chun | ||
| 990 | _a440b29c7ac10000c20a3985de7afb1c1 | ||
| 991 | _a161647 | ||
| 999 |
_c129868 _d129868 |
||